Central Library OPAC University of Rajshahi

Pathways to English / (Record no. 50600)

MARC details
000 -LEADER
fixed length control field 00887nam a22002652a 4500
001 - CONTROL NUMBER
control field 50600
003 - CONTROL NUMBER IDENTIFIER
rucl marc code BD-RJUL
005 - DATE AND TIME OF LATEST TRANSACTION
control field 20211209075532.0
008 - FIXED-LENGTH DATA ELEMENTS--GENERAL INFORMATION
fixed length control field 160828s1984 nyua 000 0 eng d
035 ## - SYSTEM CONTROL NUMBER
System control number BD-RJUL 50720
040 ## - CATALOGING SOURCE
Original cataloging agency ICZ
Transcribing agency ICZ
Modifying agency EQO
Language of cataloging eng
041 ## - LANGUAGE CODE
Language code of text/sound track or separate title eng
082 ## - DEWEY DECIMAL CLASSIFICATION NUMBER
Edition number 23
Classification number 428.24
Author mark and year ALP 1984
090 ## - LOCALLY ASSIGNED LC-TYPE CALL NUMBER (OCLC); LOCAL CALL NUMBER (OCLC)
Classification number (OCLC) (R) ; Classification number, CALL (RLIN) (NR) PE1128
Local cutter number (OCLC) ; Book number/undivided call number, CALL (RLIN) .P29 1984
100 ## - MAIN ENTRY--PERSONAL NAME
Personal name Allen, Harold B.
9 (RLIN) 150983
245 00 - TITLE STATEMENT
Title Pathways to English /
Statement of responsibility, etc. National Council of Teachers of English, Harold B. Allen, Edward A. Voeller
250 ## - EDITION STATEMENT
Edition statement Teacher's ed
260 ## - PUBLICATION, DISTRIBUTION, ETC. (IMPRINT)
Place of publication, distribution, etc. New York, [N.Y.] :
Name of publisher, distributor, etc. McGraw-Hill,
Date of publication, distribution, etc. 1984-
300 ## - PHYSICAL DESCRIPTION
Pagination 165 P. :
Illustrations ill. ;
Size 28 cm
650 #0 - SUBJECT ADDED ENTRY--TOPICAL TERM
Topical term or geographic name as entry element English language
Form subdivision Textbooks for foreign speakers
9 (RLIN) 117011
700 1# - ADDED ENTRY--PERSONAL NAME
Personal name Voeller, Edward A.
Personal name Allen, Harold B.
Fuller form of name (Harold Byron),
Dates associated with a name 1902-
710 2# - ADDED ENTRY--CORPORATE NAME
Corporate name or jurisdiction name as entry element National Council of Teachers of English.
9 (RLIN) 151523
942 ## - ADDED ENTRY ELEMENTS (KOHA)
Source of classification or shelving scheme Dewey Decimal Classification
Koha item type Books
Holdings
Lost status Source of classification or shelving scheme Damaged status Not for loan Collection code Permanent Location Current Location Shelving location Date acquired Source of acquisition Cost, normal purchase price Total Checkouts Full call number Date last seen Copy number Koha item type
  Dewey Decimal Classification     Non-fiction Central Library, University of Rajshahi Central Library, University of Rajshahi   20/09/1984 Tulip ent. 4.40   428.24 ALP 1984 28/08/2016 C-2 Books
  Dewey Decimal Classification     Non-fiction Central Library, University of Rajshahi Central Library, University of Rajshahi   20/09/1984 Tulip ent. 4.40   428.24 ALP 1984 28/08/2016 C-3 Books
  Dewey Decimal Classification     Non-fiction Central Library, University of Rajshahi Central Library, University of Rajshahi   20/09/1984 Tulip ent. 4.40   428.24 ALP 1984 29/08/2016 C-4 Books
  Dewey Decimal Classification     Non-fiction Central Library, University of Rajshahi Central Library, University of Rajshahi   20/09/1984 Tulip ent. 4.40   428.24 ALP 1984 29/08/2016 C-5 Books
  Dewey Decimal Classification     Non-fiction Central Library, University of Rajshahi Central Library, University of Rajshahi   20/09/1984 Tulip ent. 4.40   428.24 ALP 1984 29/08/2016 C-6 Books
  Dewey Decimal Classification     Non-fiction Central Library, University of Rajshahi Central Library, University of Rajshahi   20/09/1984 tuppan-tulip 10.00   428.24 ALP 1984 21/11/2016 C-7 Books
  Dewey Decimal Classification     Non-fiction Central Library, University of Rajshahi Central Library, University of Rajshahi   20/09/1984 tuppan-tulip 10.00   428.24 ALP 1984 21/11/2016 C-8 Books
  Dewey Decimal Classification     Non-fiction Central Library, University of Rajshahi Central Library, University of Rajshahi   20/09/1984 tuppan-tulip 10.00   428.24 ALP 1984 21/11/2016 C-9 Books
  Dewey Decimal Classification   Not For Loan Non-fiction Central Library, University of Rajshahi Central Library, University of Rajshahi Reading Room 20/09/1984 Toppan Tulip 10.00   428.24 ALP 1984 22/01/2017 C-1 Books
  Dewey Decimal Classification     Non-fiction Central Library, University of Rajshahi Central Library, University of Rajshahi   20/09/1984 Tappan-Tulip, Dhaka. 10.00   428.24 ALP 1984 12/02/2017 C-10 Books